000 00614nam a22001811 4500
001 130084
003 ES-MaACL
005 20230906193633.0
007 t|
008 180707s1924 sz ||||0| fre d
016 7 _zIND9900846882
040 _aM-BN
_bspa
_cCDM
110 2 _aSociedad de Naciones.
_96682
245 1 0 _aReduction des armements
_b: debats de la Cinquième Assemblée du 4 au 6 septembre 1924 /
_cSection d'Information, Secretariat de la Societé des Nations.
260 _aGenève :
_b[s.n,
_c1924] (
_fImp. Sonor, S. A)
300 _a131 p. ;
_c18 cm.
852 _aES-MaACL
_j1681-F-16
_bR.4987
999 _c130084
_d130084